Ism-e-Azzam (Record no. 595019)
[ view plain ]
| 000 -LEADER | |
|---|---|
| fixed length control field | 00414nam a22001577a 4500 |
| 020 ## - INTERNATIONAL STANDARD BOOK NUMBER | |
| International Standard Book Number | 9789692208017 |
| 082 ## - DEWEY DECIMAL CLASSIFICATION NUMBER | |
| Classification number | 297.4 |
| Author Mark | AZE |
| 100 ## - MAIN ENTRY--PERSONAL NAME | |
| Personal name | Azeemi, Khawaja Shams Ul Deen |
| 245 ## - TITLE STATEMENT | |
| Title | Ism-e-Azzam |
| 260 ## - PUBLICATION, DISTRIBUTION, ETC. | |
| Place of publication, distribution, etc. | Karachi : |
| Name of publisher, distributor, etc. | Azeemi University Press, |
| Date of publication, distribution, etc. | 2021. |
| 300 ## - PHYSICAL DESCRIPTION | |
| Extent | 184 p. ; |
| Dimensions | 22 cm. |
| 563 ## - BINDING INFORMATION | |
| Binding note | HBK. |
| 650 ## - SUBJECT ADDED ENTRY--TOPICAL TERM | |
| Topical term or geographic name entry element | Islam-Essays |
| 880 ## - ALTERNATE GRAPHIC REPRESENTATION | |
| Linkage | 245-02\r |
| Title | اسم اعظم |
| 942 ## - ADDED ENTRY ELEMENTS (KOHA) | |
| Source of classification or shelving scheme | |
| Koha item type | Book |
| 650 ## - SUBJECT ADDED ENTRY--TOPICAL TERM | |
| -- | 111972 |
| Withdrawn status | Lost status | Source of classification or shelving scheme | Damaged status | Not for loan | Permanent Location | Current Location | Shelving location | Date acquired | Source of acquisition | Total Checkouts | Total Renewals | Full call number | Barcode | Date last seen | Price effective from | Koha item type | Checked out | Date last checked out |
|---|---|---|---|---|---|---|---|---|---|---|---|---|---|---|---|---|---|---|
| Central Library (CL) | Central Library (CL) | First Floor - Islam | 06/26/2023 | Donated by Khawaja Shamsh-Ud-din Azeemi | 1 | 297.4 AZE | CL-D-2305 | 01/21/2025 | 06/26/2023 | Book | ||||||||
| Central Library (CL) | Central Library (CL) | First Floor - Islam | 06/26/2023 | Donated by Khawaja Shamsh-Ud-din Azeemi | 1 | 297.4 AZE | CL-D-2306 | 10/18/2025 | 06/26/2023 | Book | 11/17/2025 | 10/18/2025 |
